Cách mạng tháng tám và gương mặt của văn học, nghệ thuật Việt Nam sau 1945 /
Đã lưu trong:
| 主要作者: | |
|---|---|
| 格式: | Bài viết |
| 语言: | Vietnamese |
| 主题: | |
| 标签: |
添加标签
没有标签, 成为第一个标记此记录!
|
| Thư viện lưu trữ: | Thư viện Trường Đại học Đà Lạt |
|---|
| LEADER | 00852nam a2200277 4500 | ||
|---|---|---|---|
| 001 | DLU180182809 | ||
| 005 | ##20180104 | ||
| 040 | # | # | |a DLU |b vie |
| 041 | # | # | |a vie |
| 044 | # | # | |a vn |
| 100 | # | # | |a Phong Lê. |
| 245 | # | # | |a Cách mạng tháng tám và gương mặt của văn học, nghệ thuật Việt Nam sau 1945 / |c Phong Lê. |
| 653 | # | # | |a Đại chúng hóa |
| 653 | # | # | |a Cách mạng tháng Tám |
| 653 | # | # | |a Dân tộc hóa |
| 653 | # | # | |a Nghệ thuật |
| 653 | # | # | |a Văn học |
| 773 | # | # | |t Tạp chí Lý luận, phê bình văn học, nghệ thuật |g Số 13, 2013, tr. 10-16 |
| 920 | # | # | |a Phòng Tạp chí --Trung tâm Thông tin - Thư viện Trường Đại học Đà Lạt |
| 900 | # | # | |a True |
| 911 | # | # | |a Lê Thị Hồng |
| 925 | # | # | |a G |
| 926 | # | # | |a A |
| 927 | # | # | |a BB |
| 980 | # | # | |a Thư viện Trường Đại học Đà Lạt |